[Event "ICS rated blitz match"]
[Site "204.178.125.65"]
[Date "2000.01.23"]
[Round "?"]
[White "petur3"]
[Black "Hossa"]
[Result "0-1"]
[WhiteElo "2206"]
[BlackElo "2539"]
[PlyCount "60"]

1. e4 e5 2. Nf3 Nc6 3. Bc4 Bc5 4. O-O d6 5. c3 Qf6 6. a4 a6 7. d3 Bg4 8. b4 Ba7
9. Be3 Bxf3 10. Qxf3 Qxf3 11. gxf3 Nge7 12. f4 f5 13. Bxa7 Rxa7 14. fxe5 Nxe5
15. exf5 Nxc4 16. dxc4 O-O 17. Nd2 Raa8 18. Rfe1 Nxf5 19. Re4 a5 20. b5 Rae8
21. Rae1 Rxe4 22. Rxe4 b6 23. Nb3 g5 24. Nd4 h6 25. Kg2 Nh4+ 26. Kg3 Ng6 27.
Re6 Kf7 28. Re4 Nf4 29. Nf5 h5 30. Ne3 Ne2+ 0-1

[Event "ICS rated blitz match"]
[Site "204.178.125.65"]
[Date "2000.01.23"]
[Round "?"]
[White "Eli"]
[Black "Hossa"]
[Result "1/2-1/2"]
[WhiteElo "2278"]
[BlackElo "2547"]
[PlyCount "134"]

1. d4 Nf6 2. c4 e6 3. Nf3 b6 4. a3 Bb7 5. Nc3 d5 6. Bg5 Be7 7. e3 Nbd7 8. cxd5
Nxd5 9. Bxe7 Nxe7 10. Bd3 c5 11. O-O O-O 12. Ne4 cxd4 13. Nxd4 e5 14. Nb5 Nf5
15. Ned6 Nxd6 16. Nxd6 Nc5 17. Nxb7 Nxb7 18. Be4 Qxd1 19. Rfxd1 Rab8 20. b4 f5
21. Bd5+ Kh8 22. Bxb7 Rxb7 23. Rd5 Re7 24. Rc1 g5 25. h3 Kg7 26. b5 h5 27. a4
Rg8 28. Rc6 h4 29. Rdd6 Kh8 30. Rf6 f4 31. Rh6+ Kg7 32. Rhg6+ Kh7 33. Rxg8 Kxg8
34. Rg6+ Rg7 35. Re6 g4 36. hxg4 Rxg4 37. Rxe5 fxe3 38. Rxe3 Rxa4 39. Re5 Rc4
40. Re7 Rc5 41. Rxa7 Rxb5 42. Kh2 Rf5 43. f3 Rf4 44. Rb7 Rb4 45. Kh3 Kf8 46. g3
hxg3 47. Kxg3 Rb1 48. f4 Rg1+ 49. Kf3 b5 50. Rxb5 Rf1+ 51. Kg4 Rg1+ 52. Kf5 Re1
53. Rb7 Re2 54. Kf6 Kg8 55. Rb8+ Kh7 56. f5 Rf2 57. Rb7+ Kg8 58. Rb8+ Kh7 59.
Ke6 Re2+ 60. Kf7 Rc2 61. Rb7 Rf2 62. f6 Ra2 63. Ke7 Ra8 64. f7 Kg7 65. Rb2 Ra7+
66. Ke8 Ra8+ 67. Ke7 Ra7+ 1/2-1/2

[Event "ICS Rated blitz match"]
[Site "204.178.125.65"]
[Date "2000.01.23"]
[Round "?"]
[White "Mosquito"]
[Black "Hossa"]
[Result "0-1"]
[WhiteElo "2401"]
[BlackElo "2537"]
[PlyCount "20"]

1. d3 e5 2. Nd2 Nc6 3. c3 Nf6 4. g3 d5 5. Bg2 Bc5 6. b4 Bd6 7. e4 d4 8. cxd4
Nxd4 9. a3 a5 10. b5 Nxb5 0-1

[Event "ICS rated blitz match"]
[Site "204.178.125.65"]
[Date "2000.01.23"]
[Round "?"]
[White "Hossa"]
[Black "CosmicJoke"]
[Result "0-1"]
[WhiteElo "2547"]
[BlackElo "2476"]
[PlyCount "148"]

1. e4 c6 2. d4 d5 3. Nc3 dxe4 4. Nxe4 Nf6 5. Nxf6+ exf6 6. Nf3 Bd6 7. Bd3 Be6
8. O-O O-O 9. Re1 Qa5 10. Bd2 Qh5 11. c4 Bg4 12. h3 Bxf3 13. Qxf3 Qxf3 14. gxf3
Rd8 15. Re2 Nd7 16. Rae1 Nf8 17. Ba5 b6 18. Bd2 Ne6 19. Be3 g6 20. Be4 Rac8 21.
d5 cxd5 22. cxd5 Nf4 23. Bxf4 Bxf4 24. Rd1 Rc5 25. Rc2 Rb5 26. Rd4 f5 27. Bxf5
Be5 28. Bd3 Rxb2 29. Rxb2 Bxd4 30. Rb5 a6 31. Rb1 Rxd5 32. Bxa6 Kg7 33. Bc4 Rc5
34. Bd3 Rg5+ 35. Kf1 Rd5 36. Be4 Rd6 37. Rb5 Bc5 38. Ke2 f5 39. Bd3 Rd4 40. Kd2
Rh4 41. Bf1 Bxf2 42. Rb2 Kf6 43. Rc2 Ke5 44. Rc8 Bc5 45. Re8+ Kf4 46. Ke2 Kg3
47. Rd8 Ra4 48. Rd2 Ra7 49. Rc2 Re7+ 50. Kd1 Kxf3 51. Bb5 Be3 52. Rc8 f4 53. a3
Kg3 54. Rg8 f3 55. Re8 Rxe8 56. Bxe8 f2 57. Bb5 Kg2 58. Kc2 f1=Q 59. Bxf1+ Kxf1
60. Kd3 Bf2 61. Ke4 Kg2 62. Ke5 Kxh3 63. a4 g5 64. a5 bxa5 65. Ke4 g4 66. Kd5
g3 67. Kd6 g2 68. Kc6 g1=Q 69. Kd5 Qd1+ 70. Ke6 Bc5 71. Kf5 Qd3+ 72. Ke5 Kg4
73. Kf6 Qg6+ 74. Ke5 Qf5# 0-1

[Event "ICS rated blitz match"]
[Site "204.178.125.65"]
[Date "2000.01.23"]
[Round "?"]
[White "Eli"]
[Black "Hossa"]
[Result "1/2-1/2"]
[WhiteElo "2299"]
[BlackElo "2528"]
[PlyCount "101"]

1. d4 Nf6 2. c4 e6 3. Nf3 b6 4. a3 Bb7 5. Nc3 d5 6. Bg5 Be7 7. e3 Nbd7 8. cxd5
Nxd5 9. Bxe7 Nxe7 10. Bd3 c5 11. O-O O-O 12. Ne4 cxd4 13. Nxd4 e5 14. Nb5 Nc5
15. Nxc5 bxc5 16. Qc2 Ng6 17. Rfd1 Qg5 18. Be4 Bxe4 19. Qxe4 Rab8 20. a4 a6 21.
Nc7 Rxb2 22. Nxa6 Qf6 23. Nxc5 Qxf2+ 24. Kh1 Re2 25. Rf1 Qxe3 26. Qxe3 Rxe3 27.
a5 Re2 28. a6 Ra8 29. Rfb1 Rc2 30. a7 Nf8 31. Kg1 Rxc5 32. Rb8 Rc8 33. Rxc8
Rxc8 34. a8=Q Rxa8 35. Rxa8 h5 36. Kf2 e4 37. Ke3 f5 38. Kf4 g6 39. h4 Kg7 40.
g3 Ne6+ 41. Ke3 Kf7 42. Ra7+ Kf6 43. Ra6 Ke5 44. Ra5+ Kd6 45. Ra6+ Kd7 46. Ra7+
Kd8 47. Ra6 Nf8 48. Ra7 Ne6 49. Ra6 Nf8 50. Ra7 Ne6 51. Ra6 1/2-1/2

[Event "ICS rated standard match"]
[Site "204.178.125.65"]
[Date "2000.01.23"]
[Round "?"]
[White "Hossa"]
[Black "PostModernist"]
[Result "0-1"]
[WhiteElo "2232"]
[BlackElo "2439"]
[PlyCount "68"]

1. d4 Nf6 2. c4 e6 3. Nf3 c5 4. d5 d6 5. Nc3 exd5 6. Nxd5 Nc6 7. Bg5 Be7 8.
Nxe7 Qxe7 9. Qb3 h6 10. Bxf6 Qxf6 11. O-O-O O-O 12. e3 b6 13. Qd3 Nb4 14. Qxd6
Be6 15. Qe5 Qg6 16. e4 Nxa2+ 17. Kb1 Nb4 18. Nd2 Rad8 19. f3 f5 20. Be2 fxe4
21. fxe4 Rf2 22. Rhe1 Rxg2 23. Qc7 Qf6 24. h4 Rd7 25. Qb8+ Kh7 26. Rf1 Rf2 27.
Rfe1 Rxe2 28. Rxe2 Qf3 29. Ree1 Qd3+ 30. Ka1 Nc2+ 31. Ka2 Bxc4+ 32. b3 Bxb3+
33. Kb2 Nd4 34. Qh8+ Kxh8 0-1

[Event "ICS rated blitz match"]
[Site "204.178.125.65"]
[Date "2000.01.23"]
[Round "?"]
[White "Hossa"]
[Black "petur3"]
[Result "1-0"]
[WhiteElo "2519"]
[BlackElo "2196"]
[PlyCount "63"]

1. d4 Nf6 2. c4 c5 3. d5 b5 4. cxb5 a6 5. b6 e6 6. dxe6 fxe6 7. Nc3 d5 8. Qb3
Bb7 9. Bf4 Bd6 10. Nh3 O-O 11. Bxd6 Qxd6 12. a3 Nc6 13. Na4 e5 14. e3 Rad8 15.
Qc2 c4 16. Rd1 Qe7 17. Be2 Kh8 18. O-O Na5 19. Ng5 h6 20. Nf3 Ne4 21. Nc3 Nc5
22. Qg6 Rf6 23. Qg3 e4 24. Ne5 Rdd6 25. Bh5 Kh7 26. f3 g6 27. fxe4 gxh5 28.
Rxf6 Rxf6 29. Nxd5 Bxd5 30. Rxd5 Nab7 31. Qh3 Qf8 32. g3 1-0

[Event "ICS rated blitz match"]
[Site "204.178.125.65"]
[Date "2000.01.23"]
[Round "?"]
[White "Hossa"]
[Black "Zippy"]
[Result "1/2-1/2"]
[WhiteElo "2521"]
[BlackElo "2239"]
[PlyCount "204"]

1. e4 c5 2. Nf3 a6 3. Nc3 e6 4. d4 cxd4 5. Qxd4 Nc6 6. Qd2 Bb4 7. Bd3 Nge7 8.
a3 Qa5 9. Rb1 Bxc3 10. Qxc3 Qxc3+ 11. bxc3 e5 12. c4 d6 13. O-O Rb8 14. Rd1 O-O
15. Bf1 Rd8 16. Be3 Bg4 17. Bb6 Rd7 18. h3 Bxf3 19. gxf3 Rc8 20. Rd2 Rf8 21.
Bg2 f5 22. c3 g6 23. h4 Rb8 24. Rbd1 Nc8 25. c5 a5 26. Bf1 Kf8 27. Bc4 Nxb6 28.
cxb6 Ke7 29. Rd3 Rf8 30. Bd5 Nd8 31. Kg2 Ne6 32. Bxe6 Kxe6 33. c4 Rc8 34. Rc3
Rc6 35. Rd5 Rxb6 36. Rxa5 Rf7 37. Rb5 Rxb5 38. cxb5 d5 39. exd5+ Kxd5 40. f4 e4
41. a4 b6 42. Rc6 Ra7 43. Rxb6 Rxa4 44. Rb7 Rb4 45. Rd7+ Ke6 46. Rb7 Rb2 47.
Kg3 Rb3+ 48. Kg2 Rb4 49. Kg3 Rb2 50. b6 Rb3+ 51. Kg2 Kd6 52. Rxh7 Rxb6 53. Rg7
Kd5 54. Kg3 Ra6 55. Kg2 Rd6 56. Kg3 Rb6 57. Rg8 Kd4 58. Kg2 Rf6 59. Rd8+ Kc5
60. Rc8+ Kd5 61. Rc3 Rc6 62. Rg3 Rd6 63. Rg5 Rf6 64. Rg3 Kc4 65. Rg5 Kd3 66.
Kf1 Kc3 67. Ke1 Kc4 68. Rg3 Rb6 69. Kf1 Kd4 70. Kg1 Rd6 71. Kh2 Re6 72. Kg1 Rc6
73. Kf1 Rd6 74. Rg5 Rf6 75. Rg3 Rc6 76. Kg1 Rb6 77. Kf1 Kc5 78. Rg5 Rf6 79. Kg2
Kd6 80. Kf1 Kd5 81. Ke2 Kd4 82. Rg3 Ra6 83. Kf1 Kc4 84. Kg2 Kd5 85. Rg5 Kd4 86.
Rg3 Kc4 87. Kg1 Kd5 88. Kg2 Rc6 89. Rg5 Kd4 90. Rg3 Kc4 91. Kf1 Rd6 92. Kg2 Kc5
93. Rg5 Rf6 94. Kg3 Kd5 95. Kg2 Kc4 96. Kg1 Kc3 97. Rg3+ Kd2 98. Kf1 Kc2 99.
Ke2 Re6 100. Ra3 Kb2 101. Ra5 Rb6 102. Ra7 Rd6 1/2-1/2

[Event "ICS rated blitz match"]
[Site "204.178.125.65"]
[Date "2000.01.23"]
[Round "?"]
[White "Hossa"]
[Black "PostModernist"]
[Result "1-0"]
[WhiteElo "2510"]
[BlackElo "2591"]
[PlyCount "177"]

1. e4 c5 2. Nf3 Nc6 3. d4 cxd4 4. Nxd4 g6 5. Nc3 Bg7 6. Be3 Nf6 7. Bc4 O-O 8.
Bb3 a5 9. O-O d6 10. Qd3 Nxd4 11. Bxd4 e5 12. Be3 Ng4 13. h3 Nxe3 14. fxe3 Ra6
15. Bc4 Rb6 16. Bb5 Bd7 17. Bxd7 Qxd7 18. Rab1 Rc6 19. Qb5 Ra8 20. Nd5 Ra7 21.
Qd3 Qe6 22. Rf3 b6 23. Rbf1 Rb7 24. R3f2 b5 25. a3 Rc8 26. Qd2 a4 27. Qd3 Rc5
28. Rd2 Rb8 29. Rff2 Rd8 30. Rd1 Qe8 31. Rdf1 Rd7 32. c3 Qe6 33. Rd1 Rd8 34.
Rdd2 f6 35. Rd1 Rf8 36. Rff1 Qf7 37. h4 Qe6 38. h5 gxh5 39. Rf5 Qf7 40. Rdf1 h4
41. R1f3 Qe6 42. Rh3 Qe8 43. Rxh4 Qe6 44. Qd1 h6 45. Qg4 Kh7 46. Rhh5 Rc4 47.
Qh4 Rcc8 48. Kf1 Rf7 49. Kf2 Rff8 50. Kg3 Rc4 51. Kf3 Rc5 52. Rxh6+ Bxh6 53.
Nxf6+ Kg7 54. Qg4+ Kf7 55. Nd5+ Qxf5+ 56. exf5 Rxd5 57. Qg6+ Ke7 58. Qe6+ Kd8
59. Qxd5 Rxf5+ 60. Ke4 Rf6 61. g4 Ke7 62. Qb7+ Kd8 63. g5 Bxg5 64. Qg7 Rf2 65.
Qxg5+ Kd7 66. Qg4+ Kc7 67. Qe6 Rxb2 68. c4 bxc4 69. Qxc4+ Kd8 70. Qxa4 Kc7 71.
Kd5 Rb6 72. Qa7+ Rb7 73. Qxb7+ Kxb7 74. Kxd6 e4 75. Ke5 Kb6 76. Kxe4 Kc6 77.
Kf5 Kd7 78. e4 Kd6 79. e5+ Kc5 80. a4 Kb4 81. e6 Kxa4 82. e7 Ka3 83. e8=Q Kb3
84. Qc6 Kb4 85. Ke4 Kb3 86. Kd3 Kb4 87. Qb6+ Ka3 88. Kc3 Ka2 89. Qb2# 1-0

[Event "ICS rated blitz match"]
[Site "204.178.125.65"]
[Date "2000.01.23"]
[Round "?"]
[White "PostModernist"]
[Black "Hossa"]
[Result "1/2-1/2"]
[WhiteElo "2571"]
[BlackElo "2530"]
[PlyCount "96"]

1. Nf3 Nf6 2. c4 g6 3. b3 Bg7 4. Bb2 O-O 5. g3 d6 6. d4 e5 7. dxe5 Nfd7 8. Bg2
Nxe5 9. Nxe5 dxe5 10. Qxd8 Rxd8 11. Nc3 Nc6 12. Nd5 Rd7 13. O-O Nd4 14. e3 Ne6
15. Ba3 c6 16. Ne7+ Kh8 17. Rfd1 Bf8 18. Rxd7 Bxd7 19. Rd1 Rd8 20. f4 c5 21.
Nd5 Bg7 22. fxe5 Be8 23. Bb2 b6 24. g4 h6 25. h4 Rd7 26. h5 gxh5 27. gxh5 Rd8
28. Kf2 Bc6 29. Bc3 a6 30. Rg1 b5 31. Ba5 Rb8 32. Nf6 Bxg2 33. Rxg2 bxc4 34.
bxc4 Rb1 35. Nd7 Rc1 36. Rg4 Rd1 37. Nf6 Ra1 38. Ke2 Rxa2+ 39. Bd2 a5 40. Rg2
a4 41. Kd3 a3 42. Rg1 Ng5 43. Rf1 Rb2 44. Ra1 Rb3+ 45. Kc2 Rb2+ 46. Kd3 Rb3+
47. Kc2 Rb2+ 48. Kd3 Rb3+ 1/2-1/2

[Event "ICS rated blitz match"]
[Site "204.178.125.65"]
[Date "2000.01.23"]
[Round "?"]
[White "Hossa"]
[Black "Varguz"]
[Result "1/2-1/2"]
[WhiteElo "2532"]
[BlackElo "2790"]
[PlyCount "217"]

1. e4 e6 2. d4 d5 3. Nc3 Nf6 4. Bd3 c5 5. exd5 cxd4 6. Bb5+ Bd7 7. Qxd4 Bxb5 8.
Nxb5 Nxd5 9. Qd2 Nc6 10. Nf3 Bc5 11. O-O a6 12. Nbd4 Nxd4 13. Nxd4 O-O 14. Rd1
Rc8 15. Nf3 b5 16. Qd3 Qb6 17. Qe2 Rfd8 18. a4 Qd6 19. Bd2 b4 20. c4 bxc3 21.
bxc3 Rb8 22. Ng5 Rb2 23. Qh5 Nf6 24. Qxf7+ Kh8 25. Qxf6 gxf6 26. Nf7+ Kg7 27.
Nxd6 Rxd6 28. Be3 Rc6 29. Rd2 Rb3 30. Rd7+ Kg6 31. Bxc5 Rxc5 32. Rd6 e5 33.
Rxa6 Rcxc3 34. Ra8 Ra3 35. Re1 Ra2 36. f3 Rd3 37. h4 Rdd2 38. Kh1 h5 39. a5 Kf5
40. Rg1 Rd4 41. Kh2 Rxh4+ 42. Kg3 Rha4 43. Rh1 Rxa5 44. Rxh5+ Ke6 45. Rxa5 Rxa5
46. Kh3 Ra3 47. Kg4 Ra2 48. g3 Ra4+ 49. Kh3 Ra3 50. Kg2 Ra2+ 51. Kg1 f5 52.
Rh6+ Kf7 53. Rh7+ Kg6 54. Rh4 Rc2 55. Ra4 Kg5 56. Ra5 Kf6 57. Ra6+ Ke7 58. Ra7+
Ke6 59. Ra6+ Kf7 60. Ra7+ Kg6 61. Ra4 Rc6 62. Kf2 Kf6 63. g4 Rc2+ 64. Kg3 Kg5
65. gxf5 Kxf5 66. Ra8 Re2 67. Rf8+ Ke6 68. Rh8 Re3 69. Re8+ Kd5 70. Kg4 Re2 71.
Kf5 Kd4 72. Rd8+ Kc5 73. Rd3 Kc4 74. Ra3 Kd4 75. Ra4+ Kd5 76. Ra5+ Kd6 77. Ra6+
Kc5 78. Re6 Kd4 79. Rd6+ Kc5 80. Re6 Kd5 81. Re7 Kd4 82. Rd7+ Kc5 83. Rf7 Kd6
84. Rf6+ Kd5 85. Rb6 Re1 86. Rb5+ Kd6 87. Rb3 Kc5 88. Rd3 Re2 89. Kf6 Kc4 90.
Ra3 Kd4 91. Ra4+ Kd5 92. Ra5+ Kd6 93. Ra6+ Kc5 94. Re6 Kd5 95. Re7 Kd4 96. Re6
Re1 97. Re7 e4 98. Rd7+ Kc5 99. fxe4 Rxe4 100. Rf7 Re3 101. Rg7 Re2 102. Rh7
Re1 103. Rh6 Rf1+ 104. Kg6 Rg1+ 105. Kh5 Rh1+ 106. Kg6 Rg1+ 107. Kh5 Rh1+ 108.
Kg6 Rg1+ 109. Kh5 1/2-1/2

[Event "ICS rated blitz match"]
[Site "204.178.125.65"]
[Date "2000.01.23"]
[Round "?"]
[White "Hossa"]
[Black "Beadle"]
[Result "1-0"]
[WhiteElo "2547"]
[BlackElo "2531"]
[PlyCount "147"]

1. e4 c6 2. d4 d5 3. Nc3 dxe4 4. Nxe4 Bf5 5. Ng3 Bg6 6. Bc4 e6 7. Nf3 Bd6 8.
Bg5 Nf6 9. O-O Nbd7 10. Qe2 h6 11. Bxf6 Qxf6 12. Ne4 Bxe4 13. Qxe4 O-O-O 14.
Rae1 Nb6 15. Bb3 Kb8 16. Re2 c5 17. c3 c4 18. Bc2 Nd5 19. g3 Qe7 20. Nd2 Qc7
21. Rfe1 Ba3 22. bxa3 Nxc3 23. Qe3 Nxe2+ 24. Rxe2 Rd6 25. Ne4 Rd5 26. Nc3 Ra5
27. a4 a6 28. Be4 Rd8 29. Rb2 b6 30. Bg2 g5 31. Qe4 Kc8 32. Rb4 Rd6 33. Bf1 Rc6
34. Nb5 axb5 35. axb5 Rxb5 36. Rxb5 c3 37. Rb1 c2 38. Rc1 f5 39. Ba6+ Kd8 40.
Qe2 Qd6 41. Rxc2 Rxc2 42. Qxc2 Qxd4 43. Qc8+ Ke7 44. Qc7+ Kf8 45. Qh7 Qa1+ 46.
Bf1 Qg7 47. Qxg7+ Kxg7 48. Kg2 g4 49. h3 h5 50. Bb5 Kf7 51. a3 Ke7 52. h4 Kf7
53. Bd7 Ke7 54. Bc8 Kf7 55. Kf1 Ke7 56. Ke2 Kf6 57. Kd3 Kf7 58. Kc4 Ke7 59. Kb5
f4 60. gxf4 Kf6 61. Kxb6 e5 62. fxe5+ Ke7 63. Kc7 g3 64. fxg3 Ke8 65. Bd7+ Ke7
66. e6 Kf6 67. Kd6 Kf5 68. e7+ Ke4 69. e8=Q+ Kd3 70. Qe1 Kc2 71. Bf5+ Kb2 72.
Qb1+ Kxa3 73. Kc5 Ka4 74. Qb4# 1-0

[Event "ICS rated blitz match"]
[Site "204.178.125.65"]
[Date "2000.01.23"]
[Round "?"]
[White "Hossa"]
[Black "Beadle"]
[Result "1-0"]
[WhiteElo "2549"]
[BlackElo "2516"]
[PlyCount "141"]

1. e4 Nf6 2. e5 Nd5 3. c4 Nb6 4. d4 d6 5. exd6 exd6 6. Nf3 Nc6 7. d5 Ne5 8.
Nbd2 Bg4 9. Be2 Bf5 10. O-O Qf6 11. Nd4 O-O-O 12. Nxf5 Qxf5 13. a4 g5 14. a5
Nbd7 15. a6 b6 16. Re1 Be7 17. Nb3 Bf6 18. Nd4 Qe4 19. Nb5 Kb8 20. Ra3 Nc5 21.
b4 Nxc4 22. f3 Qb1 23. Bxc4 Qxb4 24. Qe2 Rhg8 25. h3 Rc8 26. Bd2 Qb2 27. Ra2
Qe5 28. Qf2 Qf5 29. Nd4 Bxd4 30. Qxd4 Rce8 31. Raa1 h5 32. Rxe8+ Rxe8 33. Qg7
Qc2 34. Re1 Rc8 35. Qc3 Qxc3 36. Bxc3 f5 37. Bb5 g4 38. hxg4 hxg4 39. fxg4 fxg4
40. Kf2 Rg8 41. Kg3 Kc8 42. Re7 Kd8 43. Rg7 Rxg7 44. Bxg7 Ke7 45. Kxg4 Kf7 46.
Bb2 Ne4 47. Kf4 Nf6 48. Bxf6 Kxf6 49. g4 Kf7 50. Kg5 Kg7 51. Kh5 Kh7 52. g5 Kg7
53. g6 Kf6 54. Kh6 Ke5 55. g7 Kd4 56. g8=Q Kc5 57. Bc6 Kc4 58. Qb8 Kb4 59. Qxa7
Kc5 60. Qxc7 b5 61. Qxd6+ Kxd6 62. Bxb5 Kxd5 63. a7 Kc5 64. Be2 Kd4 65. a8=Q
Ke3 66. Qf3+ Kd4 67. Kg6 Kc5 68. Qc3+ Kd6 69. Bb5 Ke6 70. Qd4 Ke7 71. Qf6# 1-0

[Event "ICS rated standard match"]
[Site "204.178.125.65"]
[Date "2000.01.23"]
[Round "?"]
[White "NakedPizzaMan"]
[Black "Hossa"]
[Result "0-1"]
[WhiteElo "1923"]
[BlackElo "2225"]
[PlyCount "53"]

1. e4 e5 2. Nf3 Nc6 3. d4 exd4 4. Bc4 Nf6 5. O-O Nxe4 6. Nc3 dxc3 7. Bxf7+ Kxf7
8. Qd5+ Ke8 9. Re1 Qf6 10. Bg5 Ne7 11. Rxe4 Qf7 12. Qc5 cxb2 13. Rae1 b1=Q 14.
Rxb1 d5 15. Re5 Kd7 16. Rbe1 Nc6 17. Rxd5+ Bd6 18. Red1 Ke8 19. Rxd6 cxd6 20.
Qxd6 Qd7 21. Re1+ Kf7 22. Qf4+ Qf5 23. Qc7+ Bd7 24. Rd1 Ke8 25. Re1+ Kf8 26.
Rd1 Be8 27. Rd5 0-1

[Event "ICS rated blitz match"]
[Site "204.178.125.65"]
[Date "2000.01.23"]
[Round "?"]
[White "MissSilicon"]
[Black "Hossa"]
[Result "1/2-1/2"]
[WhiteElo "2582"]
[BlackElo "2563"]
[PlyCount "132"]

1. e4 e5 2. Nf3 Nc6 3. Bb5 a6 4. Ba4 Nf6 5. O-O Be7 6. Re1 b5 7. Bb3 d6 8. c3
O-O 9. h3 Na5 10. Bc2 c5 11. d4 Qc7 12. Nbd2 cxd4 13. cxd4 Nc6 14. d5 Nb4 15.
Bb1 a5 16. Re3 Na6 17. Rc3 Nc5 18. a3 Bb7 19. Nb3 b4 20. axb4 axb4 21. Rxa8
bxc3 22. Rxf8+ Bxf8 23. Nxc5 cxb2 24. Bxb2 Qxc5 25. Bd3 Qb6 26. Bc1 Qc7 27. Be3
Qa5 28. Qb1 Ba6 29. Bxa6 Qxa6 30. Qc2 Qa1+ 31. Kh2 Qf1 32. Bg5 Nd7 33. Qc8 Nb6
34. Qd8 f6 35. Bxf6 gxf6 36. Qxb6 Qe2 37. Qe3 Qxe3 38. fxe3 Bh6 39. Kg3 Bxe3
40. Kg4 Bf2 41. Nd2 Kf7 42. Nc4 Bc5 43. h4 Kg6 44. h5+ Kf7 45. Kf5 h6 46. g3
Bb4 47. g4 Bc5 48. Na5 Bb6 49. Nc6 Bc7 50. Nb4 Bb6 51. Nc2 Bf2 52. Na3 Bd4 53.
Nb5 Bc5 54. Nc3 Bf2 55. Ne2 Be3 56. Ng3 Bd2 57. Ne2 Be3 58. Nc3 Bf2 59. Na2 Be3
60. Nb4 Bb6 61. Na6 Ba5 62. Nb8 Bb6 63. Nd7 Bd8 64. Nb8 Bb6 65. Nd7 Bd8 66. Nb8
Bb6 1/2-1/2

[Event "ICS rated standard match"]
[Site "204.178.125.65"]
[Date "2000.01.23"]
[Round "?"]
[White "Hossa"]
[Black "Esen"]
[Result "1-0"]
[WhiteElo "2230"]
[BlackElo "2008"]
[PlyCount "24"]

1. e4 c6 2. d4 d5 3. Nc3 dxe4 4. Nxe4 Bf5 5. Ng3 Bg6 6. Bc4 e6 7. Nf3 Nd7 8. c3
Qc7 9. Nh4 Ngf6 10. Be3 Bd6 11. Qb3 Qb6 12. Bxe6 fxe6 1-0

[Event "ICS rated blitz match"]
[Site "204.178.125.65"]
[Date "2000.01.23"]
[Round "?"]
[White "PostModernist"]
[Black "Hossa"]
[Result "1-0"]
[WhiteElo "2534"]
[BlackElo "2573"]
[PlyCount "113"]

1. d4 Nf6 2. c4 e6 3. Nc3 Bb4 4. e3 O-O 5. Bd3 c5 6. Nge2 d5 7. cxd5 cxd4 8.
exd4 exd5 9. a3 Be7 10. O-O Nc6 11. f3 Re8 12. Kh1 Be6 13. Nf4 Nxd4 14. Bxh7+
Nxh7 15. Qxd4 Bf6 16. Qd3 d4 17. Nce2 Qb6 18. Nxe6 Qxe6 19. Nf4 Qe5 20. Bd2
Rac8 21. Rae1 Qc5 22. b4 Qc7 23. Rc1 Qe5 24. Rxc8 Rxc8 25. Re1 Qb8 26. Nd5 Qd6
27. Qe4 Qd7 28. Bf4 Rd8 29. Nxf6+ Nxf6 30. Qd3 Qd5 31. Kg1 b6 32. Re7 Nd7 33.
Re4 Nf8 34. Bc7 Rd7 35. Bg3 Qf5 36. Be5 Ne6 37. g4 Qg5 38. h3 Qc1+ 39. Kh2 Rd8
40. h4 Qh6 41. Kg3 Qh7 42. f4 f5 43. Re1 fxg4 44. f5 Rd7 45. Kxg4 Rf7 46. Bd6
Nc7 47. Bxc7 Rf8 48. Re7 Kh8 49. Be5 Rg8 50. Qxd4 Qh6 51. Re6 Qh7 52. Qd6 Rc8
53. Rh6 Rc4+ 54. Kg5 Rc8 55. Rxh7+ Kxh7 56. Qg6+ Kg8 57. Qxg7# 1-0

[Event "ICS rated blitz match"]
[Site "204.178.125.65"]
[Date "2000.01.23"]
[Round "?"]
[White "Hossa"]
[Black "PostModernist"]
[Result "0-1"]
[WhiteElo "2555"]
[BlackElo "2552"]
[PlyCount "114"]

1. e4 c5 2. Nf3 d6 3. d4 Nf6 4. Nc3 cxd4 5. Nxd4 Nc6 6. Bg5 e6 7. Bb5 Bd7 8.
O-O Be7 9. Qd3 O-O 10. Rad1 Qb6 11. Be3 Qc7 12. Rd2 Ng4 13. Bf4 e5 14. Nd5 Qd8
15. Nxe7+ Nxe7 16. Bxd7 Qxd7 17. f3 Nf6 18. Bg5 exd4 19. Bxf6 gxf6 20. Qxd4 f5
21. Qf6 fxe4 22. Rxd6 Qc7 23. fxe4 Ng6 24. c3 Rad8 25. Rd4 Rxd4 26. Qxd4 a6 27.
Rd1 Qe7 28. Qd5 Re8 29. Rd4 Ne5 30. b3 Qg5 31. Rd3 Qc1+ 32. Rd1 Qe3+ 33. Kh1
Ng4 34. h3 Nf2+ 35. Kh2 Nxd1 36. Qxd1 Qxc3 37. Kh1 Qc6 38. Qg4+ Qg6 39. Qf5
Qxf5 40. exf5 Re2 41. a4 b5 42. axb5 Re1+ 43. Kh2 a5 44. g4 Rb1 45. Kg3 Rxb3+
46. Kh4 a4 47. b6 a3 48. b7 a2 49. Kg5 a1=Q 50. b8=Q+ Rxb8 51. Kf4 Rb4+ 52. Kg5
Qg7+ 53. Kh5 Qf6 54. h4 Qa1 55. Kh6 Qg7+ 56. Kh5 Qxg4+ 57. Kh6 Qxh4# 0-1

[Event "ICS rated blitz match"]
[Site "204.178.125.65"]
[Date "2000.01.23"]
[Round "?"]
[White "Hossa"]
[Black "MarkOrr"]
[Result "1-0"]
[WhiteElo "2517"]
[BlackElo "2173"]
[PlyCount "49"]

1. d4 e6 2. Nc3 d5 3. e4 Nf6 4. exd5 exd5 5. Qe2+ Be7 6. Bg5 O-O 7. O-O-O Re8
8. Re1 Bd7 9. Nf3 Bd6 10. Bxf6 Qxf6 11. Nxd5 Qh6+ 12. Ne3 Nc6 13. Qb5 Ne5 14.
Qb3 Nxf3 15. gxf3 Be6 16. Qxb7 Rab8 17. Qa6 Rb6 18. Qxa7 Bd5 19. Kb1 Bxf3 20.
Bg2 Bxg2 21. Nf5 Rxe1+ 22. Rxe1 Qf4 23. Re8+ Bf8 24. Ne7+ Kh8 25. Rxf8# 1-0

[Event "ICS rated standard match"]
[Site "204.178.125.65"]
[Date "2000.01.23"]
[Round "?"]
[White "NEPTUN"]
[Black "Hossa"]
[Result "0-1"]
[WhiteElo "1894"]
[BlackElo "2237"]
[PlyCount "46"]

1. e4 e5 2. Nf3 Nc6 3. Bc4 Bc5 4. c3 Nf6 5. d3 d6 6. O-O O-O 7. Bb3 a6 8. Nbd2
Be6 9. Bc2 d5 10. Qe2 d4 11. c4 Ng4 12. h3 Nf6 13. Re1 b5 14. b3 Nd7 15. Nf1
bxc4 16. bxc4 Rb8 17. Rb1 Rxb1 18. Bxb1 Qb8 19. Qb2 Qxb2 20. Bxb2 Rb8 21. Ba1
Bb4 22. Rc1 Bc3 23. Bc2 Nc5 0-1

[Event "ICS rated blitz match"]
[Site "204.178.125.65"]
[Date "2000.01.23"]
[Round "?"]
[White "Hossa"]
[Black "LifeMaster"]
[Result "1-0"]
[WhiteElo "2510"]
[BlackElo "2336"]
[PlyCount "45"]

1. e4 c5 2. Nf3 Nc6 3. d4 cxd4 4. Nxd4 g6 5. Nc3 Bg7 6. Be3 Nf6 7. Bc4 O-O 8.
Bb3 d6 9. f3 Bd7 10. Qd2 Rc8 11. Nxc6 bxc6 12. O-O Qe8 13. Bxa7 c5 14. Qd3 Qd8
15. Qa6 Ra8 16. Qb6 Qc8 17. e5 dxe5 18. Bd5 Nxd5 19. Nxd5 Re8 20. Nc7 Rxa7 21.
Qxa7 Rf8 22. Nd5 Re8 23. Nb6 1-0

[Event "ICS rated blitz match"]
[Site "204.178.125.65"]
[Date "2000.01.23"]
[Round "?"]
[White "LifeMaster"]
[Black "Hossa"]
[Result "0-1"]
[WhiteElo "2327"]
[BlackElo "2519"]
[PlyCount "60"]

1. d4 Nf6 2. Nf3 c5 3. c3 cxd4 4. cxd4 d5 5. h3 Nc6 6. Bf4 Qb6 7. e3 Qxb2 8.
Nbd2 Nb4 9. Bb5+ Bd7 10. Bxd7+ Nxd7 11. O-O Nd3 12. Rb1 Qxa2 13. Rxb7 Nxf4 14.
exf4 g6 15. Qc1 Bg7 16. Qc6 Rd8 17. Re1 Bxd4 18. Rxd7 Rxd7 19. Nxd4 Qxd2 20.
Rb1 Qxf4 21. Rb7 O-O 22. Rxd7 Qxd4 23. Rxd5 Qe4 24. Qd7 Qe1+ 25. Kh2 e6 26. Rd2
a5 27. Ra2 Ra8 28. Qb7 Qe5+ 29. Kg1 Rb8 30. Qd7 Rb1+ 0-1

[Event "ICS rated standard match"]
[Site "204.178.125.65"]
[Date "2000.01.24"]
[Round "?"]
[White "germanicus"]
[Black "Hossa"]
[Result "1/2-1/2"]
[WhiteElo "2437"]
[BlackElo "2241"]
[PlyCount "263"]

1. d4 Nf6 2. Nc3 d5 3. Bg5 Nbd7 4. e3 e6 5. Nf3 c5 6. Bb5 a6 7. Bd3 h6 8. Bf4
Qb6 9. Qb1 g5 10. dxc5 Qxc5 11. Bg3 Nh5 12. Ne2 Bg7 13. c3 Nxg3 14. Nxg3 g4 15.
Nd4 h5 16. h3 Qb6 17. hxg4 hxg4 18. Rxh8+ Bxh8 19. Be2 Nf6 20. Qc2 Bd7 21.
O-O-O O-O-O 22. Rh1 Kb8 23. Qb3 Qxb3 24. Nxb3 Bg7 25. Nc5 Bc6 26. Rh4 Bf8 27.
Nb3 Bd6 28. Rh6 Be5 29. Nc5 a5 30. Nf1 Kc7 31. Nd3 Kd6 32. Nd2 Ng8 33. Rh7 f5
34. Nb3 b6 35. Nxe5 Kxe5 36. Nd4 Bd7 37. f4+ gxf3 38. gxf3 Kd6 39. Bd3 Nf6 40.
Rh6 Ke7 41. Kd2 Rg8 42. Rh2 Rg3 43. Ke2 Rg1 44. a3 a4 45. Kf2 Ra1 46. Ke2 Rc1
47. Rh8 Be8 48. Bc2 Rg1 49. Rh6 Kf7 50. Kf2 Rc1 51. Bd3 Bd7 52. Rh4 Rd1 53. Bc2
Ra1 54. Ne2 b5 55. Rb4 Ne8 56. Bd3 Nc7 57. Rh4 Ra2 58. Rh7+ Ke8 59. Kg3 Rxb2
60. Nd4 Ra2 61. Nc2 e5 62. Rh8+ Ke7 63. Rh7+ Kd8 64. Rh8+ Ne8 65. e4 dxe4 66.
fxe4 fxe4 67. Bxe4 Kc7 68. Bg6 Nd6 69. Rh7 Kd8 70. Rh8+ Be8 71. Nb4 Rxa3 72.
Nd5 b4 73. Kf2 bxc3 74. Ke3 Ra1 75. Nf6 c2 76. Bxc2 Ke7 77. Nd5+ Ke6 78. Nc7+
Kd7 79. Nxe8 Nxe8 80. Rh4 Nf6 81. Rxa4 Nd5+ 82. Kd3 Rxa4 83. Bxa4+ Kd6 84. Bd1
Nf4+ 85. Ke3 Ne6 86. Kd3 Nc5+ 87. Ke3 Kd5 88. Bf3+ Kc4 89. Bg2 Kb5 90. Bd5 Ka5
91. Bg2 Kb6 92. Kd2 Kc7 93. Kc3 Ne6 94. Kd3 Kd6 95. Ke4 Nc5+ 96. Kf5 Na4 97.
Ke4 Ke6 98. Bh3+ Kf6 99. Bg4 Nc5+ 100. Kd5 Nd3 101. Bc8 Nb4+ 102. Ke4 Na2 103.
Bd7 Nc3+ 104. Kd3 Nd5 105. Ke4 Nc7 106. Bg4 Nb5 107. Bd7 Nd6+ 108. Kd5 Nf5 109.
Ke4 Nd4 110. Kd5 Nb3 111. Kc4 Nd2+ 112. Kd5 Nf3 113. Ke4 Nh4 114. Be8 Ke6 115.
Bf7+ Kd6 116. Bh5 Ng2 117. Bd1 Nf4 118. Ke3 Nh3 119. Bb3 Ng5 120. Bd1 Nh7 121.
Bf3 Nf6 122. Bd1 Ke6 123. Bb3+ Ke7 124. Bd1 Ne8 125. Ke4 Kd6 126. Bb3 Nf6+ 127.
Kd3 Kc5 128. Bf7 Kc6 129. Ke3 Kb6 130. Bd5 Nxd5+ 131. Ke4 Nc3+ 132. Kxe5
1/2-1/2